|
|
|
|
| LEADER |
00000cam a22000004a 4500 |
| 001 |
musev2_44810 |
| 003 |
MdBmJHUP |
| 005 |
20230905044704.0 |
| 006 |
m o d |
| 007 |
cr||||||||nn|n |
| 008 |
151112s2016 azu o 00 0 eng d |
| 020 |
|
|
|a 9780816533640
|
| 020 |
|
|
|z 9780816530489
|
| 035 |
|
|
|a (OCoLC)941061070
|
| 040 |
|
|
|a MdBmJHUP
|c MdBmJHUP
|
| 100 |
1 |
|
|a Driskill, Qwo-Li,
|e author.
|
| 245 |
1 |
0 |
|a Asegi Stories :
|b Cherokee Queer and Two-Spirit Memory /
|c Qwo-Li Driskill.
|
| 264 |
|
1 |
|a Tucson :
|b The University of Arizona Press,
|c 2016.
|
| 264 |
|
3 |
|a Baltimore, Md. :
|b Project MUSE,
|c 2016
|
| 264 |
|
4 |
|c ©2016.
|
| 300 |
|
|
|a 1 online resource (223 pages):
|b illustrations, maps
|
| 336 |
|
|
|a text
|b txt
|2 rdacontent
|
| 337 |
|
|
|a computer
|b c
|2 rdamedia
|
| 338 |
|
|
|a online resource
|b cr
|2 rdacarrier
|
| 505 |
0 |
|
|a Introduction. Asegi stories : memories between the basket walls -- chapter 1. Doubleweaving two-spirit critiques : building alliances between native and queer studies -- chapter 2. The queer lady of Cofitachequi and other asegi routes -- chapter 3. Unweaving the basket : missionaries, slavery, and the regulation of gender and sexuality -- chapter 4. Beautiful as the red rainbow : Cherokee two-spirits rebeautifying erotic memory -- Chapter 5. [Cherokee characters] (asegi ayetl) : Cherokee two-spirit people reimagining nation -- Epilogue. Doubleweave : an asegi manifesto.
|
| 520 |
|
|
|a "The book focuses on the concept of asegi stories--stories that revise and revive Cherokee cultural memories of same-sex relationships and non-binary gender systems. It is the first full-length work of scholarship to develop a tribally specific Indigenous queer/two-spirit critique, providing a Cherokee 2GLBTQ lens from which to interpret the past, understand our present, and imagine decolonial futures"--Provided by publisher.
|
| 588 |
|
|
|a Description based on print version record.
|
| 650 |
|
7 |
|a Native Americans (LGBTQ).
|2 homoit
|1 https://homosaurus.org/v3/homoit0001037
|
| 650 |
|
7 |
|a LGBTQ indigenous people.
|2 homoit
|1 https://homosaurus.org/v3/homoit0000886
|
| 650 |
|
7 |
|a Two-spirit people.
|2 homoit
|1 https://homosaurus.org/v3/homoit0001480
|
| 650 |
|
7 |
|a Sexual minorities
|2 homoit
|1 https://homosaurus.org/v3/homoit0001297
|
| 650 |
|
7 |
|a Gender identity
|2 homoit
|1 https://homosaurus.org/v3/homoit0000571
|
| 650 |
|
7 |
|a Sexual minorities
|x Identity.
|2 fast
|0 (OCoLC)fst01765609
|
| 650 |
|
7 |
|a Gender identity.
|2 fast
|0 (OCoLC)fst00939593
|
| 650 |
|
7 |
|a Two-spirit people.
|2 fast
|0 (OCoLC)fst01431650
|
| 650 |
|
7 |
|a SOCIAL SCIENCE
|x Gay Studies.
|2 bisacsh
|
| 650 |
|
7 |
|a sex role.
|2 aat
|
| 650 |
|
6 |
|a Personne bispirituelles.
|
| 650 |
|
6 |
|a Cherokee (Indiens)
|x Sexualite.
|
| 650 |
|
6 |
|a Minorites sexuelles
|x Identite.
|
| 650 |
|
6 |
|a Minorites sexuelles indiennes d'Amerique
|x Conditions sociales.
|
| 650 |
|
6 |
|a Identite sexuelle.
|
| 650 |
|
2 |
|a Gender Identity
|
| 650 |
|
0 |
|a Two-spirit people.
|
| 650 |
|
0 |
|a Cherokee Indians
|x Sexual behavior.
|
| 650 |
|
0 |
|a Sexual minorities
|x Identity.
|
| 650 |
|
0 |
|a Indian sexual minorities
|x Social conditions.
|
| 650 |
|
0 |
|a Gender identity.
|
| 655 |
|
7 |
|a Electronic books.
|2 local
|
| 710 |
2 |
|
|a Project Muse.
|e distributor
|
| 830 |
|
0 |
|a Book collections on Project MUSE.
|
| 856 |
4 |
0 |
|z Texto completo
|u https://projectmuse.uam.elogim.com/book/44810/
|
| 945 |
|
|
|a Project MUSE - Custom Collection
|
| 945 |
|
|
|a Project MUSE - 2016 Native American and Indigenous Studies
|
| 945 |
|
|
|a Project MUSE - 2016 Complete
|
| 945 |
|
|
|a Project MUSE - 2016 Global Cultural Studies
|